000 00846nam a22002657a 4500
001 BR6003068
003 BR-BrBNA
005 20230928095626.0
007 ta
008 230509b bl.||||| |||| 00| 0 por d
040 _aBR-BrBNA
_bpor
_cBiblioteca Nacional de Agricultura
041 _a(Por)
072 _aK50
_b2690
090 _ 2690 BR6003068
100 1 _aHasek, V.C.
110 1 _aFAO, Rome (Italy)
110 1 _aInstituto Brasileiro de Desenvolvimento Florestal, Rio de Janeiro, GB (Brasil)
_95747
245 1 _aAs possibilidades de utilizacao da madeira
_bPalestra especial para o Encontro de Silvicultura do Triangulo Mineiro em Uberaba em 22.09.72
260 3 _aUberaba, MG (Brasil):
_c1972.
300 _a15 p.
650 _aMadeira
650 _aIndustria Florestal
909 _a202309
_bLucia
_c55
_dLucia Elande
942 _cBK
999 _c57704
_d57704